000 00319nam a2200133Ia 4500
008 220216s9999 xx 000 0 und d
100 _aStokes S C
245 0 _aRubber in flat paints and undercoatings
260 _bRubber Developments
_c1947
300 _a29-30
650 _aPaint
650 _aRubber
942 _cJS
999 _c67670
_d67670